000 00483nam a2200193Ia 4500
005 20240823013157.0
008 240823s9999||||xx |||||||||||||| ||und||
020 _a81-7808-045-1
041 _aENGLISH
082 _A005.1 P3
100 _a"Simon,David E"
245 3 _aAn Embedded Software Primer
250 _a1st
260 _c2003
_bPearson Education (Singapore)
500 _aTRANSFERED
650 _aEmbedded
_bInformation Technology
942 _cBK
999 _c166509
_d166509